V DOROGE - Grand manuel de russe (notice n° 1983171)

détails MARC
000 -LEADER
fixed length control field 01135cam a2200157 4500500
005 - DATE AND TIME OF LATEST TRANSACTION
control field 20260329043124.0
041 ## - LANGUAGE CODE
Language code of text/sound track or separate title fre
042 ## - AUTHENTICATION CODE
Authentication code dc
100 10 - MAIN ENTRY--PERSONAL NAME
Personal name Le Fleming, Svetlana
Relator term author
245 00 - TITLE STATEMENT
Title V DOROGE - Grand manuel de russe
260 ## - PUBLICATION, DISTRIBUTION, ETC.
Name of publisher, distributor, etc. Armand Colin,<br/>
Date of publication, distribution, etc. 2023.<br/>
520 ## - SUMMARY, ETC.
Summary, etc. Spécialement rédigé par des enseignants expérimentés pour l’auto-apprentissage ou l’utilisation en classe, le cours propose une approche pas à pas du russe écrit et parlé. Aucune connaissance préalable de la langue n’est requise. Ce Grand manuel d’initiation au russe propose:de nombreux exercices pour une pratique régulière&amp;#8239;;un apprentissage de l’alphabet et de l’écriture manuscrite&amp;#8239;;des notes grammaticales claires et concises&amp;#8239;;du vocabulaire vraiment utile et un guide de prononciation&amp;#8239;;les corrigés de l’ensemble des exercice et une synthèse grammaticale de référence.
700 10 - ADDED ENTRY--PERSONAL NAME
Personal name Kay, Susan E.
Relator term author
700 10 - ADDED ENTRY--PERSONAL NAME
Personal name Chepiga, Valentina
Relator term author
856 41 - ELECTRONIC LOCATION AND ACCESS
Uniform Resource Identifier <a href="https://shs.cairn.info/v-doroge-grand-manuel-de-russe--9782200635893?lang=fr&redirect-ssocas=7080">https://shs.cairn.info/v-doroge-grand-manuel-de-russe--9782200635893?lang=fr&redirect-ssocas=7080</a>

Pas d'exemplaire disponible.

PLUDOC

PLUDOC est la plateforme unique et centralisée de gestion des bibliothèques physiques et numériques de Guinée administré par le CEDUST. Elle est la plus grande base de données de ressources documentaires pour les Étudiants, Enseignants chercheurs et Chercheurs de Guinée.

Adresse

627 919 101/664 919 101

25 boulevard du commerce
Kaloum, Conakry, Guinée

Réseaux sociaux

Powered by Netsen Group @ 2025